Jawaharial Nehru the maker of modern common wealth / (Record no. 852012)

MARC details
000 -LEADER
fixed length control field 00928nam a2200301 a 4500
001 - CONTROL NUMBER
control field vtls001417153
003 - CONTROL NUMBER IDENTIFIER
control field NLI
005 - DATE AND TIME OF LATEST TRANSACTION
control field 20210627112127.0
008 - FIXED-LENGTH DATA ELEMENTS--GENERAL INFORMATION
fixed length control field 121127s1988 ii 001 0 eng d
039 #9 - LEVEL OF BIBLIOGRAPHIC CONTROL AND CODING DETAIL [OBSOLETE]
-- 201211272151
-- VLOAD
040 0# - CATALOGING SOURCE
Original cataloging agency NLI
Language of cataloging eng
Transcribing agency Entertech IOD - 2013
Description conventions AACR2
041 0# - LANGUAGE CODE
Language code of text/sound track or separate title eng
044 ## - COUNTRY OF PUBLISHING/PRODUCING ENTITY CODE
MARC country code ii
082 04 - DEWEY DECIMAL CLASSIFICATION NUMBER
Classification number 923.254
100 1# - MAIN ENTRY--PERSONAL NAME
Personal name Sharma, Shanker Dayal
9 (RLIN) 969659
245 10 - TITLE STATEMENT
Title Jawaharial Nehru the maker of modern common wealth /
Statement of responsibility, etc. Shanker Dayal Sharma
260 ## - PUBLICATION, DISTRIBUTION, ETC.
Place of publication, distribution, etc. New Delhi :
Name of publisher, distributor, etc. Lok Sabha Seretariat,
Date of publication, distribution, etc. 1988
300 ## - PHYSICAL DESCRIPTION
Extent 10 p. ;
Dimensions 20 cm.
600 10 - SUBJECT ADDED ENTRY--PERSONAL NAME
Personal name Nehru, Jawaharlal,
Dates associated with a name 1889-1964
9 (RLIN) 685617
650 #0 - SUBJECT ADDED ENTRY--TOPICAL TERM
Topical term or geographic name entry element Prime ministers
Geographic subdivision India
9 (RLIN) 740717
650 #0 - SUBJECT ADDED ENTRY--TOPICAL TERM
Topical term or geographic name entry element Commonwealth countries
9 (RLIN) 795964
710 1# - ADDED ENTRY--CORPORATE NAME
Corporate name or jurisdiction name as entry element Lok Sabha Seretariat
9 (RLIN) 969660
887 ## - NON-MARC INFORMATION FIELD
Content of non-MARC field
901 ## - LOCAL DATA ELEMENT A, LDA (RLIN)
a IOD114364 date
b 19.12.1988
902 ## - LOCAL DATA ELEMENT B, LDB (RLIN)
a GP 923.254 N315
949 ## - LOCAL PROCESSING INFORMATION (OCLC)
-- VIRTUAITEM
-- 10000
-- 100
6 IOD000114364ENG
942 ## - ADDED ENTRY ELEMENTS (KOHA)
Source of classification or shelving scheme Dewey Decimal Classification
Koha item type Books
Holdings
Withdrawn status Lost status Damaged status Not for loan Collection code Home library Current library Shelving location Date acquired Total Checkouts Full call number Barcode Date last seen Price effective from Koha item type
        Government Publications National Library of India National Library of India Annexe Reading Room & Stack Division     GP 923.254 N315 IOD000114364ENG 27/06/2021 27/06/2021 Books
                                                                           
web counter

Copyright ©2020 The National Library of India, Govt. of India ↔ Hosted by NVLI, MOC ↔ Technology and Design by National Library of India, Ministry of Culture, Govt. of India